000 00755nam a2200205 a 4500
005 20191224041552.0
008 140224b1998 ck a||||r|||| 00| 0 spa d
040 _aCO-BoIAVH
_cCO-BoIAVH
041 0 _aspa
044 _ack
082 0 4 _a333.783
_bG89p
110 1 _aColombia.
_bMinisterio del Medio Ambiente
245 1 0 _aGuía de parques nacionales naturales /
_cMinisterio del Medio Ambiente
260 _aBogotá :
_bUAESPNN,
_c1998?.
300 _a50 páginas :
_bilustraciones y mapas ;
_c22 x 11 cm.
650 2 6 _aParques nacionales naturales
_zColombia
_vGuías
650 2 4 _aGuías turísticas
710 2 _aUnidad Administrativa Especial del Sistema de Parques Nacionales Naturales (Colombia)
942 _cLIBRO
_2ddc
999 _c1055
_d1055